| 000 | 00691cam a2200205 4500 | ||
|---|---|---|---|
| 001 | WS106792 | ||
| 008 | 000000n 000 0 eng u | ||
| 035 | _a(Sirsi) u106792 | ||
| 245 | _aBank of England | ||
| 520 | _aAs well as outlining the work of the bank this site also offers good monetary and financial statistical information as issued in their press releases. | ||
| 650 | _aINTEREST RATES | ||
| 650 | _aSTATISTICS | ||
| 650 | _aFINANCE | ||
| 650 | _aECONOMIC INDICATORS | ||
| 650 | _aBANK RATES | ||
| 650 | _aCOMMERCIAL | ||
| 690 | _aECONOMIC ISSUES | ||
| 856 | 4 | 0 |
_uhttps://www.bankofengland.co.uk _zView the website free of charge at www.bankofengland.co.uk... |
| 942 | _n0 | ||
| 999 |
_c119524 _d119524 |
||